| 000 | 005320000a22001930004500 | ||
|---|---|---|---|
| 003 | LK-CoMWRAF | ||
| 008 | 230817t ||||| |||| 00| 0 eng d | ||
| 040 |
_aLK-CoMWRAF _dLK-CoMWRAF _eLK-CoMWRAF |
||
| 041 | _aeng | ||
| 082 |
_a301.10 _bMIG |
||
| 245 |
_aThe migrant housemaid _bthe physical psychological and social impact on children |
||
| 260 |
_aColombo _bCSR _c1989 |
||
| 300 | _ap.82 | ||
| 490 | _aLogos Vol.28, No.2 | ||
| 650 | _amigrant women workers | ||
| 650 | _awomen & employment | ||
| 650 | _awomen-SL | ||
| 942 | _cBK | ||
| 999 |
_c2544 _d2544 |
||